Pharmaceutical Chemistry (Record no. 13457)

MARC details
000 -LEADER
fixed length control field 00451nam a22001817a 4500
003 - CONTROL NUMBER IDENTIFIER
control field OSt
008 - FIXED-LENGTH DATA ELEMENTS--GENERAL INFORMATION
fixed length control field 250426b |||||||| |||| 00| 0 eng d
020 ## - INTERNATIONAL STANDARD BOOK NUMBER
International Standard Book Number 9788125601104
082 ## - DEWEY DECIMAL CLASSIFICATION NUMBER
Classification number 615.19 SIP
100 ## - MAIN ENTRY--PERSONAL NAME
Personal name Siddiqui, Anees Ahmed
245 ## - TITLE STATEMENT
Title Pharmaceutical Chemistry
250 ## - EDITION STATEMENT
Edition statement 1st
260 ## - PUBLICATION, DISTRIBUTION, ETC. (IMPRINT)
Place of publication, distribution, etc Delhi
Name of publisher, distributor, etc Tara Pub
Date of publication, distribution, etc 2025
300 ## - PHYSICAL DESCRIPTION
Extent viii,342
650 ## - SUBJECT ADDED ENTRY--TOPICAL TERM
Topical term or geographic name as entry element Pharmaceutical Inorganic Chemistry
700 ## - ADDED ENTRY--PERSONAL NAME
Personal name Siddiqui, Seema
942 ## - ADDED ENTRY ELEMENTS (KOHA)
Source of classification or shelving scheme Dewey Decimal Classification
Koha item type Text Books
Holdings
Withdrawn status Lost status Source of classification or shelving scheme Damaged status Not for loan Collection code Home library Current library Date acquired Source of acquisition Currency Cost, normal purchase price Bill Number Total Checkouts Full call number Acc. no. / Barcode Date last seen Actual Cost, discounted price Bill Date Koha item type Checked out Date last borrowed
    Dewey Decimal Classification     Diploma in Pharmacy PIET C-LIBRARY PIET C-LIBRARY 15/04/2025 Zafaa Books Distributres Rs 200.00 ZBD0027   615.19 SIP DP1430 26/04/2025 140.00 11/04/2025 Reference Books    
    Dewey Decimal Classification     Diploma in Pharmacy PIET C-LIBRARY PIET C-LIBRARY 15/04/2025 Zafaa Books Distributres Rs 200.00 ZBD0027 2 615.19 SIP DP1431 22/05/2026 140.00 11/04/2025 Text Books 05/06/2026 22/05/2026
    Dewey Decimal Classification     Diploma in Pharmacy PIET C-LIBRARY PIET C-LIBRARY 15/04/2025 Zafaa Books Distributres Rs 200.00 ZBD0027 6 615.19 SIP DP1432 03/06/2026 140.00 11/04/2025 Text Books   20/05/2026
    Dewey Decimal Classification     Diploma in Pharmacy PIET C-LIBRARY PIET C-LIBRARY 15/04/2025 Zafaa Books Distributres Rs 200.00 ZBD0027 8 615.19 SIP DP1433 03/06/2026 140.00 11/04/2025 Text Books   20/05/2026
    Dewey Decimal Classification     Diploma in Pharmacy PIET C-LIBRARY PIET C-LIBRARY 15/04/2025 Zafaa Books Distributres Rs 200.00 ZBD0027 5 615.19 SIP DP1434 25/05/2026 140.00 11/04/2025 Text Books   21/05/2026

Design & Developed by: PIET Central Library
R70 Miles Stone Pattikalyana Samalkha Panipat 132102
mail ID :- [email protected], Phone No:- 0180-2569700 Ex.216